书目信息 |
| 题名: |
真空镀膜设备
|
|
| 作者: | 张以忱 编著 | |
| 分册: | ||
| 出版信息: | 北京 冶金工业出版社 2009.08 |
|
| 页数: | 205页 | |
| 开本: | 21cm | |
| 丛书名: | 真空工程技术丛书 | |
| 单 册: | ||
| 中图分类: | TN305.8 | |
| 科图分类: | ||
| 主题词: | 真空技术--镀膜--设备 , 真空技术 , 镀膜 | |
| 电子资源: | ||
| ISBN: | 978-7-5024-5014-4 | |
| 000 | 00924oam2 2200265 450 | |
| 001 | 5000 | |
| 005 | 20181013171219.93 | |
| 010 | @a978-7-5024-5014-4@dCNY26.00 | |
| 100 | @a20091027d2009 em y0chiy50 ea | |
| 101 | 0 | @achi |
| 102 | @aCN@b110000 | |
| 105 | @aa z 000yy | |
| 200 | 1 | @a真空镀膜设备@9zhen kong du mo she bei@f张以忱编著 |
| 210 | @a北京@c冶金工业出版社@d2009.08 | |
| 215 | @a205页@c图@d21cm | |
| 225 | 2 | @a真空工程技术丛书 |
| 330 | @a本书主要讲解真空镀膜室结构、镀膜室工件架、真空镀膜机的加热与测温装置、真空镀膜机的抽气系统、真空室电和运动的导入结构、溅射镀膜设备的充布气系统、蒸发源、磁控溅射靶、溅射镀膜的膜厚均匀性等方面的设计与计算。 | |
| 461 | 0 | @12001 @a真空工程技术丛书 |
| 606 | 0 | @a真空技术@x镀膜@x设备 |
| 606 | 0 | @a真空技术 |
| 606 | 0 | @a镀膜 |
| 690 | @aTN305.8@v4 | |
| 701 | 0 | @a张以忱@9zhang yi chen@f(1954.7~)@4编著 |
| 801 | 0 | @aCN@b91MARC@c20130904 |
| 905 | @aMuseLib@dTN305.8@e72 | |
| 真空镀膜设备/张以忱编著.-北京:冶金工业出版社,2009.08 |
| 205页:图;21cm.-(真空工程技术丛书) |
| ISBN 978-7-5024-5014-4:CNY26.00 |
| 本书主要讲解真空镀膜室结构、镀膜室工件架、真空镀膜机的加热与测温装置、真空镀膜机的抽气系统、真空室电和运动的导入结构、溅射镀膜设备的充布气系统、蒸发源、磁控溅射靶、溅射镀膜的膜厚均匀性等方面的设计与计算。 |
| ● |
| 相关链接 |
|
|
|
|
正题名:真空镀膜设备
索取号:TN305.8/72
 
预约/预借
| 序号 | 登录号 | 条形码 | 馆藏地/架位号 | 状态 | 备注 |
| 1 | 1127649 | 211276493 | 第二样本阅览室/ [索取号:TN305.8/72] | 在馆 | |
| 2 | 1127650 | 211276509 | 密集书库-资源管理系/ [索取号:TN305.8/72] | 在馆 | |
| 3 | 1127651 | 211276518 | 第三借阅区/ [索取号:TN305.8/72] | 在馆 | |
| 4 | 1127652 | 211276527 | 第三借阅区/ [索取号:TN305.8/72] | 在馆 | |
| 5 | 1127653 | 211276536 | 第三借阅区/ [索取号:TN305.8/72] | 在馆 |